Les articles de la Constitution française en fonction des titres - Statistiques

Statistiques générales
  • Ce quiz a été pris 5 fois
  • Le résultat moyen est 4 sur 17
Statistiques - réponses
Hint Réponse % Correct
Titre I (De la Souveraineté) Art.2 à 4
100%
Titre II (Le Président de la République) Art.5 à 19
100%
Titre III (Le Gouvernement) Art.20 à 23
75%
Titre IV (Le Parlement) Art.24 à 33
50%
Titre XVI (De la Révision) Art.89
50%
Titre IX (La Haute Cour) Art.67 et 68
25%
Titre V (Des rapports entre le Gouvernement et le Parlement) Art.34 à 51-2
0%
Titre VI (Des traités et accords internationaux) Art.52 à 55
0%
Titre VII (Le Conseil constitutionnel) Art.56 à 63
0%
Titre VIII (De l'autorité judiciaire) Art.64 à 66-1
0%
Titre X (De la responsabilité pénale des membres du gouvernement) Art.68-1 à 68-3
0%
Titre XI (Le Conseil économique social et environnemental) Art.69 à 71
0%
Titre XI bis (Le Défenseur des droits) Art.71-1
0%
Titre XII (Des collectivités territoriales) Art.72 à 75-1
0%
Titre XIII (Dispositions relatives à la Nouvelle-Calédonie) Art.76 et 77
0%
Titre XIV (De la Francophonie et des accords d'association) Art.87 et 88
0%
Titre XV (De l'Union européenne) Art.88-1 à 88-6
0%
Aucun quiz correspondant
Distribution des résultats
% des personnes avec chaque résultat
Percentile par nombre de réponses
Votre historique - résultats
Vous n’avez pas pris ce quiz